| 000 | 00685nam a2200217Ia 4500 | ||
|---|---|---|---|
| 003 | GCL | ||
| 008 | 140319s9999 xx 000 0 ara d | ||
| 040 |
_aGCL / _cGCL |
||
| 082 | 0 | 4 |
_a346.04 _bم ح |
| 100 | 1 | _aمدحت محمد الحسينى | |
| 245 | 1 | 0 |
_aالحماية الجنائية والمدنية للحيازة / _cمدحت محمد الحسينى |
| 260 |
_a[S.N] : _bدار المطبوعات الجامعية ، _c1993 |
||
| 300 | _a178 ص | ||
| 490 | _a | ||
| 650 | 0 | 4 | _aالقانون الجنائى |
| 650 | 0 | 4 | _aالقانون |
| 650 | 0 | 4 | _aالقانون المدنى |
| 650 | 0 | 4 | _aقانون الملكية |
| 650 | 0 | 4 | _aالحيازة |
| 942 |
_2ddc _cBK |
||
| 999 |
_c27722 _d27722 |
||